<?xml version="1.0" encoding="UTF-8"?><?xml-stylesheet type="text/xsl" href="static/style.xsl"?><OAI-PMH xmlns="http://www.openarchives.org/OAI/2.0/" xmlns:xsi="http://www.w3.org/2001/XMLSchema-instance" xsi:schemaLocation="http://www.openarchives.org/OAI/2.0/ http://www.openarchives.org/OAI/2.0/OAI-PMH.xsd"><responseDate>2026-04-13T02:55:27Z</responseDate><request verb="GetRecord" identifier="oai:www.recercat.cat:10230/45545" metadataPrefix="marc">https://recercat.cat/oai/request</request><GetRecord><record><header><identifier>oai:recercat.cat:10230/45545</identifier><datestamp>2025-12-17T20:24:54Z</datestamp><setSpec>com_2072_6</setSpec><setSpec>col_2072_452954</setSpec></header><metadata><record xmlns="http://www.loc.gov/MARC21/slim" xmlns:dcterms="http://purl.org/dc/terms/" xmlns:xsi="http://www.w3.org/2001/XMLSchema-instance" xmlns:doc="http://www.lyncode.com/xoai" xsi:schemaLocation="http://www.loc.gov/MARC21/slim http://www.loc.gov/standards/marcxml/schema/MARC21slim.xsd">
   <leader>00925njm 22002777a 4500</leader>
   <datafield ind2=" " ind1=" " tag="042">
      <subfield code="a">dc</subfield>
   </datafield>
   <datafield ind2=" " ind1=" " tag="720">
      <subfield code="a">Serra Torres, Marc Josep</subfield>
      <subfield code="e">author</subfield>
   </datafield>
   <datafield ind2=" " ind1=" " tag="260">
      <subfield code="c">2020-10-21T15:29:54Z</subfield>
   </datafield>
   <datafield ind2=" " ind1=" " tag="260">
      <subfield code="c">2020-10-21T15:29:54Z</subfield>
   </datafield>
   <datafield ind2=" " ind1=" " tag="260">
      <subfield code="c">2020</subfield>
   </datafield>
   <datafield ind2=" " ind1=" " tag="520">
      <subfield code="a">Treball de Fi de Grau en Dret. Curs 2019-2020</subfield>
   </datafield>
   <datafield ind2=" " ind1=" " tag="520">
      <subfield code="a">Tutora: Nuria Pastor Muñoz</subfield>
   </datafield>
   <datafield ind2=" " ind1=" " tag="520">
      <subfield code="a">La vaguetat conceptual al voltant del delicte d’incitació a l’odi en un context on el debat públic és creixentment divers i controvertit ha derivat en un increment sense precedents de la seva aplicació a Espanya. Malgrat que la obligació de perseguir els delictes d’odi és una constant als tractats internacionals, aquest fenomen ha aixecat ressò en l’àmbit social i desacord en el jurídic. A aquest darrer, amplis sectors doctrinals han criticat el sobredimensionament del tipus i el perill que suposa de cara al compliment de les garanties del Dret Penal i el respecte a l’exercici de Drets Fonamentals, especialment la llibertat d’expressió.&#xd;
Per tot el que s’ha exposat, el present treball té com objecte definir la naturalesa i delimitar les fronteres del delicte tipificat a l’art. 510 CP. Amb aquesta finalitat realitzarem un aclariment terminològic i un estudi general dels elements del tipus, per a posteriorment aprofundir en el desenvolupament doctrinal de l’injust, diferenciant-ne dues vessants en funció del bé jurídic protegit: el discurs d’odi injuriant i el discurs incitador a l’odi. Finalment, tractarem de proposar una interpretació adient tant a les exigències dels tractats internacionals com als límits del Dret Penal per a cadascuna d’elles.</subfield>
   </datafield>
   <datafield tag="653" ind2=" " ind1=" ">
      <subfield code="a">Treball de fi de grau – Curs 2019-2020</subfield>
   </datafield>
   <datafield tag="653" ind2=" " ind1=" ">
      <subfield code="a">Llibertat d&amp;apos;expressió</subfield>
   </datafield>
   <datafield tag="653" ind2=" " ind1=" ">
      <subfield code="a">Discurs de l&amp;apos;odi – Dret i legislació – Espanya</subfield>
   </datafield>
   <datafield tag="653" ind2=" " ind1=" ">
      <subfield code="a">Dret penal – Espanya – Interpretació</subfield>
   </datafield>
   <datafield ind2="0" ind1="0" tag="245">
      <subfield code="a">Delimitació conceptual del delicte d&amp;apos;incitació a l&amp;apos;odi : un ajustament als límits del dret penal</subfield>
   </datafield>
</record></metadata></record></GetRecord></OAI-PMH>